L' école des femmes
I tiakina i:
| Kaituhi matua: | |
|---|---|
| Hōputu: | Pukapuka |
| Reo: | Wīwī |
| I whakaputaina: |
París
Gallimard
1944
|
| Rangatū: | <Le >Livre de Poche, 664
|
| Ngā marau: | |
| Ngā Tūtohu: |
Tāpirihia he Tūtohu
Kāore He Tūtohu, Me noho koe te mea tuatahi ki te tūtohu i tēnei pūkete!
|
MARC
| LEADER | 00000nam a2200000 a 4500 | ||
|---|---|---|---|
| 001 | UCZ1552 | ||
| 003 | CL-VaPUC | ||
| 008 | 950824e19440000FR |||||||||||||||||fre|d | ||
| 082 | 0 | 4 | |a 843 |b GID |2 21 |
| 100 | 0 | |a Gide, André |e author |9 266290 | |
| 245 | 1 | 3 | |a L' école des femmes |
| 246 | 1 | 0 | |a Robert |
| 246 | 1 | 0 | |a Geneviève |
| 300 | |a 252 p | ||
| 942 | |c BK | ||
| 945 | |d 19950824 00:00:00 |a rbrito | ||
| 260 | |a París |b Gallimard |c 1944 | ||
| 650 | 0 | |a Novela francesa |9 264985 | |
| 583 | |a last modification |c 19950824 00:00:00 |k Rodrigo Vera | ||
| 490 | 0 | |a <Le >Livre de Poche, 664 | |
| 999 | |c 238288 |d 238286 | ||
| 952 | |0 0 |1 0 |4 0 |6 843_000000000000000_GID_1944 |7 0 |8 A |9 248348 |a BIBEDU |b BIBEDU |d 2019-11-18 |i 3108155 |o 843 GID 1944 |p 3108155 |r 2019-11-18 |w 2019-11-18 |y BK |k LIT | ||